Bilecik Bilecik Bilecik Bilecik Bilecik

İflasın Ertelenmesi ve Paradoks/ (Record no. 52708)

MARC details
000 -BAŞLIK
Sabit Uzunluktaki Kontrol Alanı 00991nam a22003257a 4500
001 - KONTROL NUMARASI
Control Dosyası 0052894
003 - KONTROL NUMARASI KİMLİĞİ
Kontrol Alanı KOHA_MİRAKIL
005 - EN SON İŞLEM TARİHİ ve ZAMANI
Kontrol Alanı 20260207003859.0
007 - FİZİKSEL TANIM SABİT ALAN - GENEL BİLGİ
Sabit uzunluklu kontrol alanı ta
008 - SABİT UZUNLUKTAKİ VERİ ÖGELERİ - GENEL BİLGİ
Sabit Alan 150629b2014 tu |||gr||||#||||0|tu# |
020 ## - ISBN - ULUSLARARASI STANDART KİTAP NUMARASI
Isbn 9786058553965
040 ## - KATALOGLAMA KAYNAĞI
Özgün Kataloglama Kurumu TR-BiSEU
Kataloglama Dili tur
Çeviri Kurumu TR-BiSEU
Açıklama Kuralları rda
041 0# - DİL KODU
Metin ya da ses kaydının dil kodu tu
044 ## - YAYINLAYAN/ÜRETEN KURULUŞUN ÜLKE KODU
ISO country code tu
050 ## - SINIFLAMA ve YER NUMARASI
Sınıflama Numarası KKX1942
Yer Numarası .K39 2014
100 1# - KİŞİ ADI
Yazar Adı (Kişi adı) Kaya, Kerime.
245 1# - ESER ADI BİLDİRİMİ
Başlık İflasın Ertelenmesi ve Paradoks/
Sorumluluk Bildirimi Kerime Kaya ; Kerime Kaya.
250 ## - BASIM BİLDİRİMİ
Basım Bildirimi 3. Baskı
264 #1 - ÜRERİM, YAYIN, DAĞITIM ve TELİF BİLDİRİMİ
Yayın yeri İstanbul :
Yayınlayan Toplumsal Dönüşüm Yayınları
Yayın tarihi 2014
300 ## - FİZİKSEL TANIMLAMA
Sayfa, Cilt vb. 292 sayfa ;
Boyutları 21 cm.
336 ## - İÇERİK TÜRÜ
Content type term metin
Content type code txt
Source rdacontent
337 ## - MEDYA TÜRÜ
Media type term aracısız
Media type code n
Source rdamedia
338 ## - TAŞIYICI TÜRÜ
Carrier type term cilt
Carrier type code nc
Source rdacarrier
490 1# - DİZİ BİLDİRİMİ
Dizi Bildirimi Toplumsal Dönüşüm yayınları ;
Cilt Numarası 24.
490 1# - DİZİ BİLDİRİMİ
Dizi Bildirimi Araştırma-İnceleme ;
Cilt Numarası 13.
650 #0 - KONU BAŞLIĞI EK GİRİŞ - KONU TERİMİ
Konusal terim veya coğrafi ad İflas--Türkiye.
9 (RLIN) 94479
830 1# - SERİ EK GİRİŞİ - TEKBİÇİM ESER ADI
Tekbiçim Başlık Toplumsal Dönüşüm yayınları ;
Volume number/sequential designation 24.
9 (RLIN) 7543
830 1# - SERİ EK GİRİŞİ - TEKBİÇİM ESER ADI
Tekbiçim Başlık Araştırma-İnceleme ;
Volume number/sequential designation 13.
9 (RLIN) 6252
942 ## - EK GİRİŞ ÖGELERİ (KOHA)
Source of classification or shelving scheme Library of Congress Classification
Koha item type Book
Holdings
Materyal Türü Kalıcı Konum Mevcut Konum Raf Yeri Sınıflandırma Kaynağı Edinim Bilgisi Ana Konular Alt Konular Yer Numarası Demirbaş Numarası Fatura Tarihi Maliyet, Alış Fiyatı Maliyet, Yenileme Fiyatı Geri Çekilme Durumu Kayıp Durumu Hasarlı Durumu Kredi için değil Kayıt Tarih Toplam Ödünçverme Son Görülme Tarihi Son Kontrol Tarihi Satın Alma Notu
Book Prof. Dr. Azmi Özcan Kütüphanesi Prof. Dr. Azmi Özcan Kütüphanesi Uluğbey Salonu Library of Congress Classification Satın HUKUK Türkiye Hukuku KKX1942 .K39 2014 0052894 07/07/2015 14.27 14.27         29/06/2015   05/12/2024 05/12/2024 B-984687 - B-984797